000 00344nam a2200133Ia 4500
008 240624s9999 xx 000 0 und d
041 _aeng
082 _a200 FLO
100 _aFLOOD GAVIN
245 _aBLACKWELL COMPANION TO HINDUISM
260 _c2003
_aOxford
_bBlackwell Publishing
300 _axiii, : 599 : p. : cm. ; 23
365 _cRS
_b35
999 _c5821
_d5821